[Event "Chessable Masters Play In"]
[Site "Chess.com INT"]
[Date "2025.02.17"]
[Round "6"]
[White "Salem, AR Saleh"]
[Black "Korobov, Anton"]
[Result "0-1"]
[WhiteElo "2631"]
[BlackElo "2627"]
[PlyCount "84"]
[EventDate "2025.02.17"]
[EventType "swiss (blitz)"]
[EventRounds "9"]
[EventCountry "USA"]
[SourceTitle "CB08_2025"]
[SourceDate "2025.02.19"]
[SourceVersion "1"]
[SourceVersionDate "2025.02.19"]
[SourceQuality "1"]

1. d4 Nf6 2. c4 e6 3. Nc3 d5 4. cxd5 exd5 5. Bg5 Be7 6. e3 0-0 7. Bd3 h6 8. Bh4 Re8 9. Nge2 c6 10. a4 a5 11. f3 Na6 12. Rc1 Nb4 13. Bb1 Nh5 14. Bf2 Bh4 15. Qd2 Bxf2+ 16. Kxf2 Qh4+ 17. g3 Qf6 18. h3 Bd7 19. g4 Qh4+ 20. Kg2 Nf6 21. Ng3 Re7 22. e4 dxe4 23. fxe4 c5 24. dxc5 Rae8 25. Rhf1 h5 26. Nf5 Bxf5 27. gxf5 Re5 28. Rf4 Qg5+ 29. Kh2 Nbd5 30. Rf2 Qh4 31. Nxd5 Rxd5 32. exd5 Re3 33. Kg1 Rxh3 34. Kf1 Ng4 35. Rg2 Ne3+ 36. Ke2 Nxg2 37. Rg1 Qg4+ 38. Kf1 Rf3+ 39. Ke2 Rg3+ 40. Kf1 Qf3+ 41. Qf2 Ne3+ 42. Ke1 Qd1# 0-1

[Event "Chessable Masters Play In"]
[Site "Chess.com INT"]
[Date "2025.02.17"]
[Round "1"]
[White "Sethuraman, SP."]
[Black "Salem, AR Saleh"]
[Result "0-1"]
[WhiteElo "2557"]
[BlackElo "2631"]
[PlyCount "84"]
[EventDate "2025.02.17"]
[EventType "swiss (blitz)"]
[EventRounds "9"]
[EventCountry "USA"]
[SourceTitle "CB08_2025"]
[SourceDate "2025.02.19"]
[SourceVersion "1"]
[SourceVersionDate "2025.02.19"]
[SourceQuality "1"]

1. e4 c6 2. d4 d5 3. e5 Bf5 4. Nf3 e6 5. Be2 c5 6. Be3 cxd4 7. Nxd4 Ne7 8. 0-0 Nbc6 9. Bb5 a6 10. Bxc6+ bxc6 11. c4 Qd7 12. Na3 f6 13. exf6 gxf6 14. Re1 Bg6 15. cxd5 cxd5 16. Nb3 e5 17. f4 Bg7 18. Nc5 Qc6 19. Rc1 0-0 20. Bf2 Rfe8 21. Nd3 Qe6 22. fxe5 fxe5 23. Nf4 Qf7 24. Nxg6 Nxg6 25. Nc2 Rad8 26. Nb4 e4 27. Bd4 Nf4 28. Nc6 Rd6 29. Rf1 Rxc6 30. Rxc6 Bxd4+ 31. Kh1 Be5 32. g3 Qd7 33. gxf4 Qxc6 34. fxe5 Rxe5 35. Qg4+ Qg6 36. Qd7 e3 37. Rg1 e2 38. Rxg6+ hxg6 39. Qd8+ Kf7 40. Qc7+ Re7 41. Qf4+ Kg8 42. Qb8+ Kg7 0-1